[Event "Gruppe C | DWZ 1900 - 1701"]
[Site "61.HEM Erlensee 2007"]
[Date "2007.04.05"]
[Round "3.1"]
[White "Zuyev, Igor"]
[Black "Rasche, Hannes"]
[Result "1-0"]
[WhiteElo "2172"]
[BlackElo "2050"]
[PlyCount "55"]
[EventDate "2007.??.??"]

1. e4 e6 2. d4 d5 3. Nc3 Bb4 4. e5 Ne7 5. Bd2 O-O 6. Nf3 Nd7 7. a3 Ba5 8. Bd3
f6 9. O-O c6 10. Re1 Rf7 11. exf6 gxf6 12. Rxe6 Nf8 13. Re1 Nf5 14. Ne2 Ng6 15.
c3 Bc7 16. Ng3 Nxg3 17. hxg3 Bg4 18. Qc2 Ne7 19. Nh2 Bh5 20. Re6 Qd7 21. Rae1
Re8 22. Bf5 Bg6 23. Ng4 Nxf5 24. Rxe8+ Kg7 25. Qc1 h5 26. Nh6 Nxh6 27. Bxh6+
Kh7 28. Bf8 1-0

[Event "Gruppe C | DWZ 1900 - 1701"]
[Site "61.HEM Erlensee 2007"]
[Date "2007.04.05"]
[Round "3.2"]
[White "Wuestehube, Axel"]
[Black "von Chamier, Ralf"]
[Result "1/2-1/2"]
[WhiteElo "1886"]
[BlackElo "1837"]
[PlyCount "37"]
[EventDate "2007.??.??"]

1. d4 Nf6 2. Nf3 e6 3. Bg5 Be7 4. Nbd2 b6 5. e4 Bb7 6. Bd3 d5 7. Qe2 dxe4 8.
Nxe4 Nbd7 9. O-O Nxe4 10. Bxe7 Qxe7 11. Bxe4 Bxe4 12. Qxe4 O-O 13. h4 Nf6 14.
Qe2 Rad8 15. Ne5 Qd6 16. g4 c5 17. g5 Nd7 18. Nxd7 Rxd7 19. dxc5 1/2-1/2

[Event "Gruppe C | DWZ 1900 - 1701"]
[Site "61.HEM Erlensee 2007"]
[Date "2007.04.05"]
[Round "3.3"]
[White "Karsten, Heinrich"]
[Black "Eg, Karlheinz"]
[Result "1-0"]
[WhiteElo "2077"]
[BlackElo "2065"]
[PlyCount "71"]
[EventDate "2007.??.??"]

1. c4 Nf6 2. d4 g6 3. Nc3 d5 4. cxd5 Nxd5 5. Bd2 Bg7 6. e4 Nxc3 7. Bxc3 O-O 8.
Bc4 c5 9. d5 Bxc3+ 10. bxc3 Qa5 11. Ne2 b5 12. Bb3 f5 13. e5 c4 14. Bc2 Bb7 15.
O-O Rd8 16. d6 exd6 17. exd6 Qb6 18. Nd4 Rxd6 19. Qe2 Nc6 20. Nxf5 Rf6 21. Nh6+
Kg7 22. Ng4 Rf7 23. Qd2 Ne7 24. Rad1 Nf5 25. Ne5 Re7 26. Bxf5 Rxe5 27. Qd7+ Kh8
28. Rd6 Rd5 29. Rxd5 gxf5 30. Rd6 Rg8 31. g3 Qc5 32. Rh6 Rg7 33. Qd8+ Rg8 34.
Qf6+ Rg7 35. Rd1 Bd5 36. Qe5 1-0

[Event "Gruppe C | DWZ 1900 - 1701"]
[Site "61.HEM Erlensee 2007"]
[Date "2007.04.05"]
[Round "3.4"]
[White "Scholz, Uwe"]
[Black "Storck, Eike-Werner"]
[Result "0-1"]
[WhiteElo "1733"]
[BlackElo "1895"]
[PlyCount "122"]
[EventDate "2007.??.??"]

1. c4 e6 2. Nf3 Nf6 3. Nc3 d5 4. d4 c6 5. e3 Nbd7 6. Qc2 Bd6 7. Bd3 b6 8. b3
Bb7 9. Bb2 Rc8 10. O-O O-O 11. Rac1 Re8 12. Rfd1 h6 13. Qe2 Qe7 14. cxd5 exd5
15. Ba6 Nf8 16. Rc2 b5 17. Bxb7 Qxb7 18. Rdc1 N8d7 19. Nd2 a5 20. Nd1 b4 21. f3
Qb6 22. Nf2 Bf4 23. Nf1 Re6 24. Qd2 Bb8 25. Nd3 Bd6 26. Nc5 Bxc5 27. dxc5 Qb5
28. Ng3 Ne5 29. Nf5 Qd3 30. Nd4 Qg6 31. f4 Ne4 32. Qe2 Rf6 33. Nxc6 Nxc6 34.
Bxf6 Nxf6 35. Rd2 Qe4 36. Qd3 Re8 37. Qxe4 Rxe4 38. Rd3 Kf8 39. h3 h5 40. Kf2
Ke7 41. Kf3 h4 42. Rxd5 Rxe3+ 43. Kxe3 Nxd5+ 44. Kf3 Nc3 45. Kg4 Nxa2 46. Re1+
Kd7 47. Ra1 Nc3 48. Kxh4 Ke6 49. Re1+ Kf6 50. g4 Nd4 51. g5+ Kf5 52. Kg3 Ne4+
53. Kg2 Kxf4 54. Rf1+ Kxg5 55. Rxf7 Nxc5 56. Rxg7+ Kf6 57. Rg4 Ncxb3 58. Kf2 a4
59. Ke3 a3 60. Rg2 Nf5+ 61. Kd3 Nc1+ 0-1

[Event "Gruppe C | DWZ 1900 - 1701"]
[Site "61.HEM Erlensee 2007"]
[Date "2007.04.05"]
[Round "3.5"]
[White "Makilla, Tobias"]
[Black "Smit, Josip"]
[Result "1/2-1/2"]
[WhiteElo "1923"]
[BlackElo "2049"]
[PlyCount "48"]
[EventDate "2007.??.??"]

1. e4 c5 2. Nf3 e6 3. c3 d5 4. exd5 Qxd5 5. d4 Nf6 6. Be3 cxd4 7. Bxd4 Be7 8.
Nbd2 Nc6 9. Bc4 Qf5 10. O-O e5 11. Be3 O-O 12. Qe2 h6 13. Bb5 Bd7 14. Nc4 e4
15. Bxc6 bxc6 16. Nd4 Qg4 17. Ne5 Qxe2 18. Nxe2 Rfd8 19. Nxd7 Rxd7 20. Rfd1
Rad8 21. Rxd7 Rxd7 22. Nd4 c5 23. Nf5 Bf8 24. Kf1 Rd5 1/2-1/2

[Event "Gruppe C | DWZ 1900 - 1701"]
[Site "61.HEM Erlensee 2007"]
[Date "2007.04.05"]
[Round "3.7"]
[White "Schaal, Benedikt"]
[Black "Gutacker, Stephan"]
[Result "1/2-1/2"]
[WhiteElo "1841"]
[BlackElo "1980"]
[PlyCount "84"]
[EventDate "2007.??.??"]

1. e4 e5 2. Nf3 Nc6 3. Bc4 Nf6 4. Ng5 d5 5. exd5 Na5 6. Bb5+ c6 7. dxc6 bxc6 8.
Qf3 Rb8 9. Ba4 Qd4 10. Nc3 h6 11. Nge4 Nxe4 12. Qxe4 Bd7 13. O-O Be7 14. d3 O-O
15. a3 Qxe4 16. dxe4 Rfc8 17. b3 Nb7 18. Be3 Bc5 19. Bxc5 Nxc5 20. Rfd1 Be8 21.
f3 Ne6 22. Rd2 Nd4 23. Rad1 Kf8 24. f4 f6 25. fxe5 fxe5 26. Rf1+ Ke7 27. Ne2 c5
28. Bxe8 Rxe8 29. Nc3 Ke6 30. Nd5 Rf8 31. b4 cxb4 32. axb4 Rfc8 33. c3 Nb5 34.
Rd3 Rc4 35. Re1 Rbc8 36. Ra1 R8c6 37. Ra5 a6 38. Kf2 Rxe4 39. Ra1 Rec4 40. Ke2
e4 41. Rd2 Nxc3+ 42. Nxc3 Rxc3 1/2-1/2

[Event "Gruppe C | DWZ 1900 - 1701"]
[Site "61.HEM Erlensee 2007"]
[Date "2007.04.05"]
[Round "3.8"]
[White "Dohne, Kai-Uwe"]
[Black "Achelrod, Alexandre"]
[Result "1/2-1/2"]
[WhiteElo "1767"]
[BlackElo "1873"]
[PlyCount "62"]
[EventDate "2007.??.??"]

1. e4 c5 2. Nf3 d6 3. d4 cxd4 4. Nxd4 Nf6 5. Nc3 a6 6. f3 e6 7. Be3 Be7 8. Qd2
Qc7 9. O-O-O Nc6 10. Bc4 Ne5 11. Bb3 Nc4 12. Bxc4 Qxc4 13. g4 b5 14. h4 Bb7 15.
Kb1 Rc8 16. g5 Nd7 17. h5 g6 18. hxg6 fxg6 19. Rh3 b4 20. Na4 e5 21. b3 Qf7 22.
Ne2 a5 23. Qd3 Ra8 24. Qb5 Ba6 25. Qc6 O-O 26. Nc1 Qe6 27. Rdh1 h5 28. gxh6 Kh7
29. Rg3 Rfc8 30. Qd5 Qxd5 31. exd5 Bb5 1/2-1/2

[Event "Gruppe C | DWZ 1900 - 1701"]
[Site "61.HEM Erlensee 2007"]
[Date "2007.04.05"]
[Round "3.9"]
[White "Will, Jens Robert"]
[Black "Schaub, Thomas"]
[Result "1-0"]
[WhiteElo "1970"]
[BlackElo "1744"]
[PlyCount "93"]
[EventDate "2007.??.??"]

1. Nf3 d5 2. g3 Nf6 3. Bg2 c5 4. O-O Nc6 5. d3 e6 6. Nbd2 Be7 7. e4 dxe4 8.
Nxe4 Nxe4 9. dxe4 e5 10. c3 O-O 11. Be3 Qc7 12. Qc2 Be6 13. Rad1 Rfd8 14. b3
Rac8 15. Rd2 Rxd2 16. Nxd2 Rd8 17. f4 f6 18. Rd1 b5 19. Kf2 b4 20. f5 Bf7 21.
Bf1 a5 22. Bc4 Qd6 23. Ke1 bxc3 24. Bxf7+ Kxf7 25. Nc4 Qc7 26. Rxd8 Nxd8 27.
Qxc3 Nc6 28. Kf2 Qd8 29. Ke2 g6 30. Qd2 Nd4+ 31. Bxd4 cxd4 32. fxg6+ Kxg6 33.
Qxa5 d3+ 34. Kf3 Qd4 35. Qd2 h5 36. h3 f5 37. Qe3 Qc3 38. exf5+ Kxf5 39. g4+
hxg4+ 40. hxg4+ Ke6 41. Ke4 Qc2 42. Qb6+ Kf7 43. Nxe5+ Ke8 44. Qg6+ Kd8 45.
Qg8+ Kc7 46. Qc4+ Kd8 47. Qxd3+ 1-0

[Event "Gruppe C | DWZ 1900 - 1701"]
[Site "61.HEM Erlensee 2007"]
[Date "2007.04.05"]
[Round "3.10"]
[White "Fischer, Arthur"]
[Black "Geringer, Waldemar"]
[Result "1-0"]
[WhiteElo "2074"]
[BlackElo "1886"]
[PlyCount "85"]
[EventDate "2007.??.??"]

1. e4 c5 2. c3 Nc6 3. d4 cxd4 4. cxd4 Nf6 5. Nc3 a6 6. e5 Ng8 7. Bc4 e6 8. Nf3
d5 9. Bd3 Bb4 10. O-O Nge7 11. Bc2 O-O 12. Qd3 Ng6 13. h4 Bxc3 14. bxc3 Re8 15.
Ng5 h6 16. Nxf7 Kxf7 17. Qxg6+ Kf8 18. Bxh6 Qe7 19. Bg5 Qf7 20. h5 Ne7 21.
Bxe7+ Rxe7 22. Qxf7+ Rxf7 23. Bg6 Rc7 24. Rfc1 Bd7 25. Rab1 Bb5 26. f4 Rac8 27.
f5 Bd3 28. Rb6 exf5 29. g4 Rxc3 30. Rxc3 Rxc3 31. Bxf5 Rc1+ 32. Kg2 Bxf5 33.
gxf5 Rc4 34. Rxb7 Rxd4 35. e6 Rh4 36. Rb8+ Ke7 37. Rg8 Kf6 38. Rf8+ Ke7 39.
Rf7+ Ke8 40. Rxg7 Rxh5 41. f6 Kd8 42. Rg8+ Kc7 43. e7 1-0

[Event "Gruppe C | DWZ 1900 - 1701"]
[Site "61.HEM Erlensee 2007"]
[Date "2007.04.05"]
[Round "3.11"]
[White "Haftmann, Rainer"]
[Black "Schmitt, Carsten"]
[Result "1-0"]
[WhiteElo "1765"]
[BlackElo "1829"]
[PlyCount "139"]
[EventDate "2007.??.??"]

1. e4 c5 2. Nf3 Nc6 3. d4 cxd4 4. Nxd4 Nf6 5. Nc3 e6 6. a3 Be7 7. Be2 O-O 8.
Be3 d5 9. exd5 Nxd5 10. Nxd5 exd5 11. O-O Re8 12. Qd2 Bf6 13. Bf3 Ne5 14. Be2
Nc4 15. Bxc4 dxc4 16. Rad1 Bg4 17. f3 Bh5 18. Bf2 a6 19. Qb4 Qd5 20. Ne2 Qc6
21. Nf4 a5 22. Qb6 Qxb6 23. Bxb6 Bg6 24. Nxg6 hxg6 25. Bd4 Re2 26. Bxf6 gxf6
27. Rf2 Rae8 28. Kf1 Rxf2+ 29. Kxf2 Re6 30. Rd8+ Kg7 31. Rc8 Rb6 32. Rxc4 Rxb2
33. a4 f5 34. Ke2 Kf6 35. f4 Ke6 36. Kd3 Ra2 37. Rd4 Ra1 38. Kc3 Rh1 39. h3 Rg1
40. Rd2 Rf1 41. Kc4 Rxf4+ 42. Kb5 b6 43. c4 g5 44. Rc2 g4 45. hxg4 fxg4 46.
Kxb6 g3 47. Rc3 Ke5 48. Kxa5 Kd4 49. Kb4 Rf2 50. Rxg3 Rb2+ 51. Rb3 Rxg2 52. a5
Rc2 53. Kb5 f5 54. a6 Ra2 55. c5 f4 56. c6 Ke4 57. Kb6 f3 58. a7 f2 59. Rb1
Rb2+ 60. Rxb2 f1=Q 61. a8=Q Qg1+ 62. Kb5 Qf1+ 63. Kb4 Qe1+ 64. Kb3 Qd1+ 65. Ka2
Qd5+ 66. Ka3 Qd3+ 67. Rb3 Qd6+ 68. Rb4+ Ke5 69. Qh8+ Kd5 70. Qd4+ 1-0

[Event "Gruppe C | DWZ 1900 - 1701"]
[Site "61.HEM Erlensee 2007"]
[Date "2007.04.05"]
[Round "3.12"]
[White "Libuda, Thomas"]
[Black "Rompel, Michael"]
[Result "1-0"]
[WhiteElo "2009"]
[BlackElo "2051"]
[PlyCount "101"]
[EventDate "2007.??.??"]

1. d4 d5 2. Nf3 e6 3. e3 Bd6 4. Bd3 f5 5. Ne5 Nf6 6. Nd2 Nbd7 7. f4 O-O 8. O-O
Ne4 9. c4 c6 10. c5 Bc7 11. b4 Rf6 12. Nxe4 fxe4 13. Be2 Rh6 14. g3 Nf6 15. a4
Bd7 16. Ra2 Qe7 17. Bd2 Ne8 18. b5 Rd8 19. Qb3 Rb8 20. a5 Rf6 21. Rb1 Rf8 22.
Nxd7 Qxd7 23. b6 axb6 24. cxb6 Bd6 25. a6 Nf6 26. axb7 Rxb7 27. Bb4 Rxb6 28.
Qc3 Rfb8 29. Rab2 Rc8 30. Bxd6 Rxb2 31. Rxb2 Qxd6 32. Rb6 Rc7 33. Qa5 Qd7 34.
Qb4 Kf7 35. h4 Qe7 36. Qb2 c5 37. dxc5 Qxc5 38. Kf2 Re7 39. Rb5 Qc7 40. h5 h6
41. g4 Ne8 42. Qd4 Nd6 43. Rc5 Qb6 44. f5 Nb7 45. fxe6+ Rxe6 46. Rb5 Qc6 47.
Rxd5 Re7 48. Rf5+ Kg8 49. Bc4+ Kh7 50. Rf8 Qc7 51. Bg8+ 1-0

[Event "Gruppe C | DWZ 1900 - 1701"]
[Site "61.HEM Erlensee 2007"]
[Date "2007.04.05"]
[Round "3.13"]
[White "Friedrich, Helmut"]
[Black "Gauf, Wolfgang"]
[Result "1/2-1/2"]
[WhiteElo "1725"]
[BlackElo "1814"]
[PlyCount "37"]
[EventDate "2007.??.??"]

1. e4 c5 2. Nf3 Nc6 3. d4 cxd4 4. Nxd4 g6 5. Be3 Nf6 6. Nc3 Bg7 7. Be2 O-O 8.
O-O d5 9. Nxc6 bxc6 10. exd5 Nxd5 11. Nxd5 cxd5 12. c3 a5 13. Qd2 Ba6 14. Rfd1
e6 15. Rac1 Bxe2 16. Qxe2 Qh4 17. Rc2 Rfc8 18. Rcd2 Qc4 19. Qxc4 1/2-1/2

[Event "Gruppe C | DWZ 1900 - 1701"]
[Site "61.HEM Erlensee 2007"]
[Date "2007.04.05"]
[Round "3.14"]
[White "Kuehn, Thomas"]
[Black "Froehlich-Dill, Astrid"]
[Result "0-1"]
[WhiteElo "1905"]
[BlackElo "1970"]
[PlyCount "144"]
[EventDate "2007.??.??"]

1. Nf3 Nf6 2. g3 b6 3. Bg2 Bb7 4. d4 e6 5. c4 c5 6. e3 Qc7 7. b3 cxd4 8. exd4
d5 9. Bf4 Bd6 10. Bxd6 Qxd6 11. Nbd2 Nbd7 12. O-O O-O 13. Re1 Rfd8 14. Ne5 Rac8
15. Rc1 Qb8 16. Qe2 dxc4 17. Bxb7 Qxb7 18. Ndxc4 Qd5 19. Nxd7 Nxd7 20. Ne5 Nf6
21. Qa6 Rxc1 22. Rxc1 Qxd4 23. Rc8 h6 24. Qb7 Rxc8 25. Qxc8+ Kh7 26. Qc2+ Qe4
27. Qxe4+ Nxe4 28. Nxf7 Nc3 29. Nd8 Nxa2 30. Nxe6 Nc1 31. Nd4 a5 32. Kf1 Kg6
33. Ke1 Nd3+ 34. Ke2 Nc5 35. f4 Kf6 36. Kd2 Ne4+ 37. Kd3 Nd6 38. g4 b5 39. h4
a4 40. bxa4 bxa4 41. g5+ Kg6 42. Kc3 h5 43. Kb4 Nf5 44. Nf3 Ne3 45. Nd4 Nd5+
46. Kxa4 Nxf4 47. Kb3 Ng2 48. Nf3 Kf5 49. Kc3 Ke4 50. Nd4 Nxh4 51. Ne6 g6 52.
Nf8 Kf5 53. Kd3 Nf3 54. Ke3 Nxg5 55. Kf2 Ne4+ 56. Kf3 g5 57. Kg2 g4 58. Nd7 h4
59. Nb6 Nc3 60. Nc4 Kf4 61. Nd2 Nd1 62. Nb3 Ne3+ 63. Kg1 h3 64. Nd4 Ke4 65. Ne6
Kf3 66. Ng5+ Kg3 67. Ne4+ Kh4 68. Kh2 Nf1+ 69. Kg1 Ng3 70. Nf2 Ne2+ 71. Kf1 g3
72. Kxe2 g2 0-1

[Event "Gruppe C | DWZ 1900 - 1701"]
[Site "61.HEM Erlensee 2007"]
[Date "2007.04.05"]
[Round "3.15"]
[White "Winter, Lars"]
[Black "Storkebaum, Ulrike"]
[Result "1-0"]
[WhiteElo "2062"]
[BlackElo "1930"]
[PlyCount "51"]
[EventDate "2007.??.??"]

1. e4 e5 2. Nf3 Nc6 3. Bb5 a6 4. Bxc6 dxc6 5. O-O Bg4 6. h3 h5 7. d3 Bc5 8. Be3
Bxe3 9. fxe3 Bxf3 10. Qxf3 f6 11. Nd2 Qd7 12. Nb3 O-O-O 13. a4 Ne7 14. a5 Qd6
15. Ra4 c5 16. Rc4 b6 17. axb6 cxb6 18. d4 exd4 19. exd4 Qe6 20. Qc3 Qxe4 21.
dxc5 Qb7 22. cxb6+ Kb8 23. Nc5 Qxb6 24. Rb4 Nd5 25. Rxb6+ Nxb6 26. Qg3+ 1-0

[Event "Gruppe C | DWZ 1900 - 1701"]
[Site "61.HEM Erlensee 2007"]
[Date "2007.04.05"]
[Round "3.16"]
[White "Hoppe, Michael"]
[Black "Krueger, Till"]
[Result "1-0"]
[WhiteElo "1970"]
[BlackElo "2048"]
[PlyCount "103"]
[EventDate "2007.??.??"]

1. c4 g6 2. Nc3 Bg7 3. g3 d6 4. Bg2 e5 5. d3 Nc6 6. Nf3 Nge7 7. O-O O-O 8. Rb1
a5 9. Bd2 h6 10. e4 Be6 11. Nd5 Kh7 12. a3 Qd7 13. Qc1 f5 14. Bc3 fxe4 15. dxe4
Bg4 16. Qe3 g5 17. Nd2 Ng6 18. f3 Be6 19. Qd3 Rf7 20. b4 axb4 21. axb4 Nce7 22.
b5 b6 23. Ra1 Rff8 24. Ra6 Rxa6 25. bxa6 Ra8 26. Ra1 Nc6 27. Nf1 Qd8 28. Nfe3
Bc8 29. c5 dxc5 30. Qb5 Na7 31. Qb2 Nc6 32. Bf1 Nd4 33. Kg2 Qd7 34. Nf5 Nxf5
35. exf5 Qxd5 36. fxg6+ Kxg6 37. Qb5 Bd7 38. Bd3+ e4 39. Bxe4+ Qxe4 40. Qxd7
Qe2+ 41. Kh3 Bxc3 42. Qc6+ Bf6 43. Qxa8 Bxa1 44. Qe4+ Qxe4 45. fxe4 c4 46. a7
Be5 47. a8=Q c3 48. Qc6+ Kg7 49. Kg4 Bd6 50. Kf5 Bc5 51. Qg6+ Kf8 52. Ke6 1-0

[Event "Gruppe C | DWZ 1900 - 1701"]
[Site "61.HEM Erlensee 2007"]
[Date "2007.04.05"]
[Round "3.17"]
[White "Larem, Peter"]
[Black "Weiland, Thomas"]
[Result "0-1"]
[WhiteElo "1917"]
[BlackElo "1995"]
[PlyCount "118"]
[EventDate "2007.??.??"]

1. e4 d5 2. exd5 Nf6 3. d4 Nxd5 4. Nf3 g6 5. c3 Bg7 6. Bc4 O-O 7. O-O Re8 8.
Re1 c6 9. Nbd2 Nd7 10. Ne4 N7f6 11. Ng3 Qc7 12. Bg5 h6 13. Bd2 Kh7 14. Qc2 Nd7
15. h4 b5 16. Bd3 Kg8 17. h5 g5 18. Nf5 Bb7 19. Nxg7 Kxg7 20. Ne5 Nxe5 21. dxe5
e6 22. Re4 Rh8 23. Rae1 a6 24. Rg4 Rag8 25. f4 f5 26. exf6+ Nxf6 27. Rg3 Nxh5
28. Rf3 g4 29. Rf2 Qd6 30. c4 Rd8 31. Bg6 Nf6 32. Rfe2 Bc8 33. f5 exf5 34. Bxf5
Qc5+ 35. Kh1 Qxf5 36. Re7+ Kg6 37. Qc3 Rd3 38. Qa5 Qh5+ 39. Kg1 g3 40. Qc7 Qh2+
41. Kf1 Rf3+ 42. Ke2 Qxg2+ 43. Kd1 Rg8 44. Qxc6 Rf2 45. Qd6 Qf3+ 46. Kc1 g2 47.
R7e3 Rxd2 48. Qxd2 Qc6 49. Rg3+ Kf7 50. Rxg8 Nxg8 51. Qf2+ Nf6 52. Qe3 Qxc4+
53. Kb1 Qe4+ 54. Qxe4 Nxe4 55. Rg1 Bh3 56. Kc2 Kf6 57. Kd3 Kf5 58. Ke3 Ng5 59.
Kf2 Kf4 0-1

[Event "Gruppe C | DWZ 1900 - 1701"]
[Site "61.HEM Erlensee 2007"]
[Date "2007.04.05"]
[Round "3.18"]
[White "Bosse, Volkmar"]
[Black "Radtke, Thoralf"]
[Result "1/2-1/2"]
[WhiteElo "1997"]
[BlackElo "1718"]
[PlyCount "37"]
[EventDate "2007.??.??"]

1. e4 e6 2. d4 d5 3. Nc3 dxe4 4. Nxe4 Nd7 5. Nf3 Ngf6 6. Bd3 Be7 7. Bf4 Nxe4 8.
Bxe4 Nf6 9. Bd3 b6 10. Ne5 a6 11. c3 Bb7 12. O-O O-O 13. Bg5 Ne4 14. Bxe7 Qxe7
15. Qf3 f5 16. Qe2 Rf6 17. Bxe4 Bxe4 18. f3 Bb7 19. Rae1 1/2-1/2

[Event "Gruppe C | DWZ 1900 - 1701"]
[Site "61.HEM Erlensee 2007"]
[Date "2007.04.05"]
[Round "3.19"]
[White "Blosze, Winfried"]
[Black "Adair, Robin"]
[Result "0-1"]
[WhiteElo "1930"]
[BlackElo "2033"]
[PlyCount "50"]
[EventDate "2007.??.??"]

1. e4 c5 2. Nf3 Nc6 3. d4 cxd4 4. c3 dxc3 5. Nxc3 d6 6. Bc4 e6 7. O-O a6 8. Qe2
Qc7 9. Bf4 Bd7 10. Rac1 Be7 11. Rfd1 Rd8 12. a3 Qb8 13. b4 Ne5 14. Bxe5 dxe5
15. b5 Bxa3 16. Ra1 Bb4 17. Na2 Bc5 18. bxa6 bxa6 19. Bxa6 Nf6 20. Rab1 Qa8 21.
Nxe5 O-O 22. Nc3 Bc8 23. Bd3 Bd4 24. Ra1 Qb7 25. Rdb1 Qc7 0-1

[Event "Gruppe C | DWZ 1900 - 1701"]
[Site "61.HEM Erlensee 2007"]
[Date "2007.04.05"]
[Round "3.20"]
[White "Ritscher, Georg"]
[Black "Fussnecker, Manfred"]
[Result "0-1"]
[WhiteElo "2011"]
[BlackElo "2013"]
[PlyCount "46"]
[EventDate "2007.??.??"]

1. e4 e5 2. Nf3 d6 3. Bc4 Nf6 4. Nc3 Be7 5. h3 O-O 6. d4 exd4 7. Nxd4 Nxe4 8.
Nxe4 d5 9. Bd3 dxe4 10. Bxe4 Bf6 11. Be3 Bxd4 12. Bxd4 Re8 13. Qd3 f5 14. O-O-O
fxe4 15. Qb3+ Be6 16. Qxb7 Bd5 17. Qb5 c6 18. Qb7 Nd7 19. c4 Bxc4 20. Bxa7 Bd3
21. Rhe1 Qg5+ 22. Be3 Qd5 23. a3 Qc4+ 0-1

[Event "Gruppe C | DWZ 1900 - 1701"]
[Site "61.HEM Erlensee 2007"]
[Date "2007.04.05"]
[Round "3.21"]
[White "Adamczyk, Matthias"]
[Black "Genis, Roy"]
[Result "1-0"]
[WhiteElo "1774"]
[BlackElo "1895"]
[PlyCount "93"]
[EventDate "2007.??.??"]

1. e4 e5 2. Nf3 Nc6 3. Bc4 Nf6 4. d3 d5 5. exd5 Nxd5 6. Bg5 f6 7. Bd2 Bg4 8. h3
Bh5 9. Bxd5 Qxd5 10. Nc3 Qd7 11. Be3 O-O-O 12. a3 Qe6 13. Ne4 Bxf3 14. Qxf3 h6
15. Ng3 g6 16. O-O f5 17. Rfe1 Qd7 18. Ne2 f4 19. Bd2 h5 20. Bc3 g5 21. Qe4 Bd6
22. d4 exd4 23. Nxd4 Rde8 24. Qf5 Nxd4 25. Qxd7+ Kxd7 26. Bxd4 Rhg8 27. Kf1 g4
28. hxg4 hxg4 29. c4 c5 30. Bc3 f3 31. g3 Rh8 32. Bxh8 Rxh8 33. Kg1 Rh3 34.
Rad1 Kc7 35. Re4 Bxg3 36. fxg3 Rxg3+ 37. Kf1 Kb6 38. Rd6+ Ka5 39. Rg6 Rg2 40.
b4+ cxb4 41. axb4+ Kxb4 42. Rgxg4 Rc2 43. Re7 Rxc4 44. Rxb7+ Kc3 45. Rxc4+ Kxc4
46. Rxa7 Kd3 47. Re7 1-0

[Event "Gruppe C | DWZ 1900 - 1701"]
[Site "61.HEM Erlensee 2007"]
[Date "2007.04.05"]
[Round "3.22"]
[White "Koculak, Eduard"]
[Black "Freund, Karlheinz"]
[Result "1/2-1/2"]
[WhiteElo "1752"]
[BlackElo "1797"]
[PlyCount "84"]
[EventDate "2007.??.??"]

1. d4 c6 2. c4 d6 3. Nc3 Nd7 4. Nf3 Qc7 5. e4 e5 6. Be3 Ngf6 7. h3 Be7 8. Be2
h6 9. Rc1 a6 10. Qd2 g5 11. a3 Nf8 12. Na4 c5 13. dxe5 dxe5 14. Nc3 Be6 15. Nd5
Bxd5 16. exd5 Ne4 17. Qc2 Nf6 18. Nd2 Ng6 19. g3 O-O-O 20. O-O Kb8 21. Ne4 Nxe4
22. Qxe4 Bd6 23. Rb1 Rdf8 24. Bg4 Ne7 25. Bf5 Nxf5 26. Qxf5 Qc8 27. Qg4 f5 28.
Qh5 f4 29. Bd2 Rf6 30. Rbe1 Qf5 31. gxf4 gxf4 32. Qxf5 Rxf5 33. b4 Rh5 34. Kh2
Rg8 35. Rg1 Rhg5 36. Rxg5 Rxg5 37. Re4 b6 38. Re1 Kc7 39. Re4 Kd7 40. Re1 Kd8
41. Re4 Kd7 42. Re1 Kd8 1/2-1/2